000 00468nab a2200145Ia 4500
003 ES-SlBCS
005 20210601125441.0
008 140529s1972 xxu||||| |||| 00| 0 eng d
041 _aeng
100 1 _aMann, William E.
_9132336
245 0 4 _aThe Ontological Presuppositions of the Ontological Argument
_c William E. Mann
650 0 4 _aArgumento Ontológico
_9131480
773 0 _tReview of Methaphysics
_gvol. 26, nº. 102, 1972, págs. 260-277
_wRev843
942 _cAR
999 _c530551
_d530551